Keeping the faith. (Record no. 12033)

000 -LEADER
fixed length control field 00522nam a2200181 a 4500
001 - CONTROL NUMBER
control field :::00009835$&:&@@
003 - CONTROL NUMBER IDENTIFIER
control field OkBaRHE
005 - DATE AND TIME OF LATEST TRANSACTION
control field 20000607103353.0
008 - FIXED-LENGTH DATA ELEMENTS--GENERAL INFORMATION
fixed length control field j 000 0 eng u
040 ## - CATALOGING SOURCE
Transcribing agency
100 1# - MAIN ENTRY--PERSONAL NAME
Personal name Hill, Claude E.
245 10 - TITLE STATEMENT
Title Keeping the faith.
260 ## - PUBLICATION, DISTRIBUTION, ETC. (IMPRINT)
Place of publication, distribution, etc St. Louis, MO., :
Name of publisher, distributor, etc The Bethany Press
Date of publication, distribution, etc nd
300 ## - PHYSICAL DESCRIPTION
Extent 272 p. ;
Dimensions 19 cm.
650 ## - SUBJECT ADDED ENTRY--TOPICAL TERM
Topical term or geographic name as entry element Sermons, American
942 ## - ADDED ENTRY ELEMENTS (KOHA)
Source of classification or shelving scheme
Koha item type Books
Copies
Lost status Copy number Not for loan Source of classification or shelving scheme Shelving location Date last seen Date acquired Damaged status Permanent Location Full call number Withdrawn status Price effective from Barcode Koha item type
 1  General Stacks2010-04-142010-04-14 RHEMA Bible Training CollegeBV 4241 .H5 2010-04-149835Books